000 02946cam a2200913 i 4500
001 19547
003 KOSZ 005
005 20250315062819.0
008 250303s1978 pl abc g 001 0 pol
015 _aUWD 1979/2464
035 _a991005520739705066
035 _a(PL-WaBN)b11443029-48omnis_nlop
035 _ab11443029
035 _a(OCoLC)749709348
035 _awbpkbg012310
035 _a(PUBLU)vtls000018441
035 _azz2005883059
035 _a(PL)b0000001144302
035 _a(EXLNZ-48OMNIS_NETWORK)9910377297105606
040 _aWA N
_cWA N
_dKOSZ 005/RW
041 1 _apol
_hrus
046 _k1972
080 _a94(5)
080 _a008".../17"
100 1 _aGafurov, Bobodžan Gafurovič
_d(1908-1977)
_eAutor
245 1 0 _aDzieje i kultura ludów Azji Centralnej :
_bprehistoria, starożytność, średniowiecze /
_cBobodżan Gafurow ; przełożył Stefan Michalski.
246 1 _iTytuł oryginału:
_aTadžiki
250 _aWydanie I.
260 _aWarszawa :
_bPaństwowy Instytut Wydawniczy,
_c1978.
300 _a692, [4] strony, [76] stron tablic :
_bilustracje, mapy, portrety ;
_c25 cm.
336 _aTekst
_btxt
_2rdacontent
337 _aBez urządzenia pośredniczącego
_bn
_2rdamedia
338 _aWolumin
_bnc
_2rdacarrier
380 _aKsiążki
380 _aPublikacje naukowe
388 1 _a1901-2000
388 1 _a1945-1989
500 _aKsiążka w serii: Rodowody Cywilizacji.
504 _aBibliografia na stronach [608]-663. Indeks.
648 7 _a800-701 p.n.e.
648 7 _a700-601 p.n.e.
648 7 _a600-501 p.n.e.
648 7 _a500-401 p.n.e.
648 7 _a400-301 p.n.e.
648 7 _a300-201 p.n.e.
648 7 _a200-101 p.n.e.
648 7 _a100-1 p.n.e.
648 7 _a1-100
648 7 _a101-200
648 7 _a201-300
648 7 _a301-400
648 7 _a401-500
648 7 _a501-600
648 7 _a601-700
648 7 _a701-800
648 7 _a801-900
648 7 _a 901-1000
648 7 _a1001-1100
648 7 _a1101-1200
648 7 _a1201-1300
648 7 _a1301-1400
648 7 _a1401-1500
648 7 _a1501-1600
648 7 _a1601-1700
648 7 _a1701-1800
650 7 _aGospodarka
650 7 _aKultura
650 7 _aPolityka
650 7 _aSpołeczeństwo
651 7 _aAzja Środkowa
_2DBN
655 7 _aMonografia
_2DBN
658 _aHistoria
700 1 _aMichalski, Stefan
_eTłumaczenie
710 2 _aPaństwowy Instytut Wydawniczy
_4pbl
830 0 _aSeria Ceramowska
856 _uhttps://koha.tu.koszalin.pl/cgi-bin/koha/opac-detail.pl?biblionumber=19547
_yKatalog online BPK
942 _2UKD
_cKS
999 _c19547
_d19547